| 000 | 01076nam a2200361 a 4500 | ||
|---|---|---|---|
| 003 | AR-BaBNM | ||
| 005 | 20251128204655.0 | ||
| 008 | 082120s2002 ||||||||||||||000 | spa|| | ||
| 020 | _a0-919659-25-X | ||
| 040 | _cAR-BaBNM | ||
| 100 | 1 | _aOrdaz, Luis | |
| 245 | 0 | 0 |
_aAproximación a la trayectoria dramática argentina _bdesde los orígenes nacionales hasta la actualidad |
| 250 | _a1ª ed. | ||
| 260 |
_aOttawa _bGirol Books _c1992 |
||
| 300 | _a122 p. | ||
| 490 | 0 |
_aTelón. Historia _vv. 2 |
|
| 500 | _aContiene referencias bibliográficas en p. 101 | ||
| 500 | _aIndice de nombres en p. 109 | ||
| 500 | _aIndice de obras en p. 115 | ||
| 650 | 4 | _aLITERATURA ARGENTINA | |
| 650 | 4 | _aCRITICA LITERARIA | |
| 650 | 4 | _aTEATRO | |
| 650 | 4 | _aESCRITORES | |
| 650 | 4 | _aHISTORIA LITERARIA | |
| 650 | 4 | _aCOSTUMBRES Y TRADICIONES | |
| 653 | _aLITERATURA GAUCHESCA | ||
| 655 | _aLITERATURA | ||
| 700 | 1 |
_aPellettieri, Osvaldo _eprologuista |
|
| 800 | 1 |
_aGiella, Miguel Angel _edirector |
|
| 800 | 1 |
_aRoster, Peter _edirector |
|
| 942 | _cBK | ||
| 998 | _cMARTIN | ||
| 999 |
_c8344 _d8344 |
||